000 00565cab a2200205 4500
001 X2060
008 090401t1995 xxu||||| |||| 00| 0 eng d
035 _a(Sirsi) u21540
041 _aeng
245 _aIncreased prize money for SST Joint Test of Competence
260 _c1995
350 _a0
490 _aCSM (Chartered Surveyor Monthly)
_v4(5) March 1995, 8(1)
650 _aJOINT TEST OF COMPETENCE
650 _aPRIZE MONEY
650 _aPRIZES
690 _aMANAGEMENT-BUSINESS MANAGEMENT-PROFESSIONAL PRACTICE
942 _n0
948 _c04/03/1997
999 _c14458
_d14458